La nueva Ley reguladora del Derecho de Asociacin̤ y su incidencia sobre las Asociaciones Juveniles

Detalles Bibliográficos
Formato: eBook
Lenguaje:español
Publicado: Murcia : Integra y participa, 2004
Materias:
Acceso en línea:http://www.vlex.com/source/6896

MARC

LEADER 00000nam a22000007a 4500
005 20130118112824.0
007 cr|||| ||||
008 130118e2004 sp |||||s|||| 00||0 spa d
035 |a 6896 
040 |a vLex 
090 |c 3545  |d 3545 
245 0 3 |a La nueva Ley reguladora del Derecho de Asociacin̤ y su incidencia sobre las Asociaciones Juveniles  |h [Recurso electrn̤ico] 
256 |a Servicio en ln̕ea 
260 |a Murcia :   |b Integra y participa,   |c 2004 
300 |a 1 Recurso electrn̤ico 
650 0 4 |a Asociaciones, instituciones, etc.  |z Espaą 
740 |a vLex Libros (Servicio en ln̕ea) 
856 |a Acceso restringido  |u http://www.vlex.com/source/6896 
942 |c BOOK 
999 |a Associations, institutions, etc.